000 00511nam a22001337a 4500
020 _a978-1-906211-87-5
082 _a796
_bRUS/O
100 _aRUSSEL, DOUGLAS
245 _aTHE OFFICIAL RANGERS ANNUAL 2010
260 _aUNITED KINGDOM
_bGRANGE PUBLICATIONS
520 _aTHE CAREERS OF THREE FAMOUS MIDFILEDERS FROM THE RECENT PAST, BRIEF HISTORY OF THE CLUB'S 33 WINS IN THE SCOTTISH CUP. PACKED WITH POSTERS, STATISTICS, QUIZZES AND FUN FOR YOUNG RANGERS FAN
650 _aSPORTS
_zUNITED KINGDOM
942 _cBK
999 _c6259
_d6259